[Event "Turkey Cup 2019"]
[Site "Belek"]
[Date "2019.01.27"]
[Round "1.22"]
[White "Gulbeyaz, Emir"]
[Black "Saltik, Suleyman"]
[Result "1-0"]
[WhiteElo "2179"]
[BlackElo "1560"]
[Annotator "NA"]
[PlyCount "67"]
[EventDate "2019.01.27"]
[EventType "swiss"]
[EventCountry "TUR"]
[SourceTitle "playchess.com"]
[Source "ChessBase"]
[SourceQuality "1"]

1. Nf3 Nf6 2. g3 g6 3. Bg2 Bg7 4. O-O d5 5. c4 c6 6. d4 O-O 7. b3 Be6 8. cxd5 cxd5 9. Bb2 Nc6 10. e3 Bf5 11. Nc3 Nb4 12. Ne5 Ne4 13. g4 Rc8 14. gxf5 Nxc3 15. Qd2 Ncxa2 16. Rxa2 Nxa2 17. Ra1 gxf5 18. Rxa2 e6 19. Nd3 b6 20. Nf4 Qc7 21. Ba3 Rfe8 22. Bf1 Bf8 23. Ba6 Rb8 24. Nh5 Qd8 25. f4 Kh8 26. Bb5 Bxa3 27. Bxe8 Qxe8 28. Rxa3 Qe7 29. Ra2 Rg8+ 30. Ng3 a5 31. Rc2 Qd7 32. Qc3 Qb5 33. Qc7 Qxb3 34. Qe5+ 1-0

[Event "Turkey Cup 2019"]
[Site "Belek"]
[Date "2019.01.27"]
[Round "1.23"]
[White "Asikoglu, Engin Can"]
[Black "Aytekin, Murat Eren"]
[Result "0-1"]
[WhiteElo "1502"]
[BlackElo "2163"]
[Annotator "TA"]
[PlyCount "74"]
[EventDate "2019.01.27"]
[EventType "swiss"]
[EventCountry "TUR"]
[SourceTitle "playchess.com"]
[Source "ChessBase"]
[SourceQuality "1"]

1. d4 g6 2. Bf4 Bg7 3. e3 d6 4. Nf3 Nd7 5. h3 e5 6. Bh2 Nh6 7. Be2 O-O 8. O-O e4 9. Nfd2 f5 10. c4 Nf6 11. Nc3 Qe7 12. b4 g5 13. c5 d5 14. Qb3 Be6 15. Be5 Rad8 16. Nb5 Ne8 17. Bxg7 Nxg7 18. Nxa7 g4 19. hxg4 fxg4 20. g3 Nf7 21. Kg2 Ng5 22. Rh1 Nh3 23. Raf1 Rf7 24. Qd1 h5 25. Rh2 Rdf8 26. Qe1 Nxf2 27. Kg1 Nh3+ 28. Kh1 Nf5 29. Rxh3 gxh3 30. Bxh5 Rg7 31. g4 Nh6 32. Rxf8+ Qxf8 33. Qf1 Qxf1+ 34. Nxf1 Bxg4 35. Bxg4 Nxg4 36. Ng3 Rf7 37. Nb5 Rf3 0-1

[Event "Turkey Cup 2019"]
[Site "Belek"]
[Date "2019.01.27"]
[Round "1.24"]
[White "Yeke, Serkan"]
[Black "Yalcindag, Hakan"]
[Result "1-0"]
[WhiteElo "2117"]
[BlackElo "1417"]
[Annotator "TA"]
[PlyCount "63"]
[EventDate "2019.01.27"]
[EventType "swiss"]
[EventCountry "TUR"]
[SourceTitle "playchess.com"]
[Source "ChessBase"]
[SourceQuality "1"]

1. e4 c5 2. Nc3 d6 3. f4 Nc6 4. Nf3 Nf6 5. Bb5 a6 6. Bxc6+ bxc6 7. O-O e6 8. d3 Be7 9. Kh1 O-O 10. Qe2 Rb8 11. b3 a5 12. Na4 Nd7 13. Bd2 d5 14. c4 d4 15. Qe1 Ra8 16. g4 Qc7 17. e5 Nb8 18. g5 Bd7 19. Rg1 Rd8 20. Rg3 Be8 21. Rh3 Nd7 22. Qh4 Nf8 23. Rg1 Rdb8 24. Bc1 Rb4 25. Nd2 h6 26. Ne4 Ng6 27. Qh5 Bf8 28. gxh6 Rxa4 29. bxa4 Rb8 30. hxg7 Bxg7 31. Qh7+ Kf8 32. Nf6 1-0

[Event "Turkey Cup 2019"]
[Site "Belek"]
[Date "2019.01.27"]
[Round "1.25"]
[White "Aydogdu, Selcan Ayberk"]
[Black "Ererdem, Gani Eren"]
[Result "0-1"]
[WhiteElo "1631"]
[BlackElo "2137"]
[Annotator "NA"]
[PlyCount "88"]
[EventDate "2019.01.27"]
[EventType "swiss"]
[EventCountry "TUR"]
[SourceTitle "playchess.com"]
[Source "ChessBase"]
[SourceQuality "1"]

1. d4 Nf6 2. Nf3 e6 3. Bf4 c5 4. e3 Nc6 5. c3 d5 6. Nbd2 Bd6 7. Bg3 O-O 8. Bd3 b6 9. Ne5 Bb7 10. O-O Ne7 11. Qf3 Qc7 12. Rac1 Rad8 13. Qe2 Ne4 14. Bxe4 dxe4 15. Ndc4 Ba6 16. Qc2 f6 17. Nxd6 Rxd6 18. Ng4 Bxf1 19. Rxf1 h5 20. Bxd6 Qxd6 21. Qxe4 hxg4 22. Qxg4 Rd8 23. h4 Qd5 24. b3 Qf5 25. Qg3 e5 26. Re1 cxd4 27. cxd4 exd4 28. exd4 Nd5 29. b4 Kf7 30. Qa3 Rd7 31. Qa6 Rc7 32. Qb5 Qd7 33. Qd3 Qd6 34. Qh7 Nf4 35. g3 Ng6 36. h5 Nf8 37. Qf5 Re7 38. Rc1 Qxd4 39. h6 gxh6 40. Qh5+ Kg7 41. Rc8 Re1+ 42. Kh2 Qxf2+ 43. Kh3 Rh1+ 44. Kg4 Qe2+ 0-1

[Event "Turkey Cup 2019"]
[Site "Belek"]
[Date "2019.01.27"]
[Round "1.26"]
[White "Karaoglan, Doruk"]
[Black "Capan, Ferman"]
[Result "1-0"]
[WhiteElo "2142"]
[BlackElo "1713"]
[Annotator "TA"]
[PlyCount "77"]
[EventDate "2019.01.27"]
[EventType "swiss"]
[EventCountry "TUR"]
[SourceTitle "playchess.com"]
[Source "ChessBase"]
[SourceQuality "1"]

1. e4 e5 2. Nf3 Nf6 3. Nxe5 d6 4. Nf3 Nxe4 5. Nc3 Nxc3 6. dxc3 Be7 7. Bf4 O-O 8. Qd2 Be6 9. a3 Nd7 10. O-O-O Bf6 11. h4 Nc5 12. Nd4 a6 13. f3 Bxh4 14. Kb1 Bf6 15. g4 h6 16. Be2 g5 17. Be3 Kg7 18. Bd3 Nxd3 19. Qxd3 Rh8 20. Ne2 Be5 21. Rdg1 f6 22. f4 gxf4 23. Nxf4 Bxf4 24. Bxf4 Bf7 25. Qd2 Rh7 26. Bxh6+ Kh8 27. g5 Bg6 28. gxf6 Qxf6 29. Bg5 Qf5 30. Qd4+ Kg8 31. Rxh7 Kxh7 32. Rh1+ Kg8 33. Qh8+ Kf7 34. Qxa8 Qxc2+ 35. Ka1 Qg2 36. Qh8 Qxg5 37. Qc8 Qe7 38. Qxb7 Bd3 39. Qf3+ 1-0

[Event "Turkey Cup 2019"]
[Site "Belek"]
[Date "2019.01.27"]
[Round "1.27"]
[White "Yigiter, Fatih"]
[Black "Okus, Melih"]
[Result "0-1"]
[WhiteElo "1619"]
[BlackElo "2073"]
[Annotator "NA RC"]
[PlyCount "66"]
[EventDate "2019.01.27"]
[EventType "swiss"]
[EventCountry "TUR"]
[SourceTitle "playchess.com"]
[Source "ChessBase"]
[SourceQuality "1"]

1. d4 c5 2. d5 e5 3. c4 f5 4. Nc3 d6 5. e4 Nf6 6. Bg5 f4 7. Be2 Be7 8. Bxf6 Bxf6 9. Bh5+ g6 10. Bg4 O-O 11. h4 h5 12. Be6+ Kg7 13. Qb3 Nd7 14. Nf3 Nb6 15. Bxc8 Rxc8 16. O-O-O a6 17. Rdg1 Qc7 18. g4 Rh8 19. Rh2 Kf7 20. a4 Rcg8 21. Rhg2 Nc8 22. gxh5 Rxh5 23. Rg4 Ne7 24. Ne2 Rgh8 25. Ng5+ Bxg5 26. hxg5 Rh3 27. Qc2 Qa5 28. Rd1 b5 29. cxb5 axb5 30. axb5 Qxb5 31. Nc3 Qc4 32. Rgg1 Nc8 33. Qe2 Rxc3+ 0-1

[Event "Turkey Cup 2019"]
[Site "Belek"]
[Date "2019.01.27"]
[Round "1.28"]
[White "Guven, Oguz Kagan"]
[Black "Bogaakca, Mehmet"]
[Result "1-0"]
[WhiteElo "2087"]
[BlackElo "1671"]
[Annotator "NA"]
[PlyCount "77"]
[EventDate "2019.01.27"]
[EventType "swiss"]
[EventCountry "TUR"]
[SourceTitle "playchess.com"]
[Source "ChessBase"]
[SourceQuality "1"]

1. Nf3 c5 2. g3 g6 3. Bg2 Bg7 4. O-O Nc6 5. d3 d6 6. e4 Nf6 7. c3 O-O 8. Re1 Qc7 9. a3 Bg4 10. h3 Bxf3 11. Qxf3 Nd7 12. Qe2 Rac8 13. Bg5 h6 14. Be3 Na5 15. Nd2 c4 16. d4 e5 17. Rad1 exd4 18. Bxd4 Bxd4 19. cxd4 c3 20. bxc3 Qxc3 21. e5 dxe5 22. Ne4 Qxa3 23. dxe5 Nc5 24. Nd6 Rcd8 25. Ra1 Qb4 26. Reb1 Nab3 27. Rxa7 Ra8 28. Rxa8 Rxa8 29. Bd5 Nd4 30. Qd1 Qc3 31. Bxf7+ Kg7 32. Qg4 g5 33. Nf5+ Nxf5 34. Qxf5 Qd3 35. Qf6+ Kh7 36. Rc1 b5 37. Rxc5 Ra1+ 38. Kh2 Qe4 39. Bg6+ 1-0

[Event "Turkey Cup 2019"]
[Site "Belek"]
[Date "2019.01.27"]
[Round "1.29"]
[White "Kiyagan, Erhan"]
[Black "Yelligedik, Murat"]
[Result "1/2-1/2"]
[WhiteElo "1714"]
[BlackElo "2055"]
[Annotator "NA"]
[PlyCount "125"]
[EventDate "2019.01.27"]
[EventType "swiss"]
[EventCountry "TUR"]
[SourceTitle "playchess.com"]
[Source "ChessBase"]
[SourceQuality "1"]

1. e4 c5 2. Nc3 Nc6 3. g3 g6 4. Bg2 Bg7 5. d3 d6 6. h3 Nf6 7. Be3 O-O 8. Qd2 Nd4 9. Nge2 e5 10. O-O Bxh3 11. Bxd4 Bxg2 12. Kxg2 cxd4 13. Nd5 Nxd5 14. exd5 Qb6 15. c4 dxc3 16. bxc3 Qa5 17. Rab1 f5 18. f3 Qxd5 19. c4 Qc6 20. Nc3 Rfe8 21. Rbe1 Rac8 22. Nb5 Ra8 23. Nc3 a6 24. a4 Rad8 25. a5 Qc5 26. Nd5 e4 27. fxe4 fxe4 28. dxe4 Qxc4 29. Qe2 Qd4 30. Rf3 Rc8 31. Rd3 Qa4 32. Nb6 Qb4 33. Nxc8 Rxc8 34. Qd2 Qa4 35. Re2 Be5 36. Qa2+ Qxa2 37. Rxa2 Kf7 38. Rb3 Rc7 39. Ra4 Bc3 40. Ra2 Ke6 41. Rc2 Bxa5 42. Rxc7 Bxc7 43. Rxb7 Kd7 44. Kf3 Kc6 45. Rb2 a5 46. Ke3 Bd8 47. Kd3 Bf6 48. Rf2 Be5 49. Rf7 h5 50. Kc4 Bxg3 51. Rg7 h4 52. Rxg6 Be5 53. Rh6 Bg3 54. Rh8 Be1 55. Rh6 Bg3 56. Rh5 Be1 57. Rh6 Bg3 58. Rh5 a4 59. Kb4 Kd7 60. Kxa4 Ke6 61. Kb5 Kf6 62. Kc6 Kg6 63. Rxh4 1/2-1/2

[Event "Turkey Cup 2019"]
[Site "Belek"]
[Date "2019.01.27"]
[Round "1.30"]
[White "Korkmaz, Necmettin"]
[Black "Erim, Engin"]
[Result "1-0"]
[WhiteElo "2053"]
[BlackElo "1615"]
[Annotator "NA RC"]
[PlyCount "45"]
[EventDate "2019.01.27"]
[EventType "swiss"]
[EventCountry "TUR"]
[SourceTitle "playchess.com"]
[Source "ChessBase"]
[SourceQuality "1"]

1. e4 c5 2. Nc3 d6 3. f4 Nf6 4. Nf3 e6 5. Bc4 a6 6. a4 Be7 7. d3 O-O 8. O-O Qc7 9. Qe1 Nc6 10. e5 Nd7 11. Qg3 d5 12. Bb3 Rb8 13. Kh1 b5 14. axb5 axb5 15. f5 c4 16. dxc4 dxc4 17. Ba2 Rd8 18. Bf4 Bf8 19. Ne4 Nb4 20. Nf6+ Kh8 21. Nxh7 Be7 22. f6 gxf6 23. Nxf6 1-0

[Event "Turkey Cup 2019"]
[Site "Belek"]
[Date "2019.01.27"]
[Round "1.31"]
[White "Acar, Kaan"]
[Black "Kul, Ozdemir Efe"]
[Result "1/2-1/2"]
[WhiteElo "1548"]
[BlackElo "1998"]
[Annotator "NA"]
[PlyCount "99"]
[EventDate "2019.01.27"]
[EventType "swiss"]
[EventCountry "TUR"]
[SourceTitle "playchess.com"]
[Source "ChessBase"]
[SourceQuality "1"]

1. e4 g6 2. d4 Bg7 3. Nc3 c6 4. Nf3 d6 5. Bc4 b5 6. Bb3 h6 7. O-O Qc7 8. Re1 Nd7 9. Be3 Rb8 10. a3 a5 11. h3 e5 12. Qd3 Ngf6 13. d5 O-O 14. dxc6 Qxc6 15. Rad1 b4 16. Nd5 Kh7 17. axb4 axb4 18. Ra1 Nc5 19. Bxc5 Qxc5 20. Ra4 Bd7 21. Ra6 Nh5 22. Bc4 f5 23. Nd2 Bc6 24. Nb3 fxe4 25. Nxc5 exd3 26. Ne6 Bxd5 27. Nxf8+ Bxf8 28. Bxd5 Nf4 29. Be4 dxc2 30. Bxc2 b3 31. Bb1 Ne6 32. Ra7+ Bg7 33. Ra6 Rd8 34. Re3 Nc5 35. Rc6 e4 36. Bxe4 Bxb2 37. Bd5 Bg7 38. Bxb3 Nxb3 39. Rxb3 Rd7 40. Rd3 Be5 41. Rd5 Kg7 42. g3 g5 43. Kg2 Kf7 44. Rxe5 dxe5 45. Rxh6 Rd3 46. Ra6 Rb3 47. Rc6 Ra3 48. g4 Ra2 49. Kf3 Ra3+ 50. Ke4 1/2-1/2

[Event "Turkey Cup 2019"]
[Site "Belek"]
[Date "2019.01.27"]
[Round "1.32"]
[White "Baylav, Can"]
[Black "Alagoz, Mahmut"]
[Result "1/2-1/2"]
[WhiteElo "2108"]
[BlackElo "1707"]
[Annotator "TA"]
[PlyCount "77"]
[EventDate "2019.01.27"]
[EventType "swiss"]
[EventCountry "TUR"]
[SourceTitle "playchess.com"]
[Source "ChessBase"]
[SourceQuality "1"]

1. e4 g6 2. d4 Bg7 3. Nc3 d6 4. f4 c6 5. Nf3 Bg4 6. e5 d5 7. h3 Bxf3 8. Qxf3 e6 9. Be3 Ne7 10. g4 h5 11. Bd3 hxg4 12. hxg4 Rxh1+ 13. Qxh1 Kd7 14. O-O-O Na6 15. a3 Qh8 16. Qf3 Nc7 17. Rh1 Qg8 18. Ne2 f5 19. exf6 Bxf6 20. f5 gxf5 21. gxf5 exf5 22. Bxf5+ Nxf5 23. Qxf5+ Qe6 24. Rh7+ Be7 25. Ng3 Re8 26. Bf4 Qxf5 27. Nxf5 Ne6 28. Be5 Nf8 29. Rh5 Ng6 30. Bg3 Rh8 31. Rxh8 Nxh8 32. Nxe7 Kxe7 33. Kd2 Ke6 34. Bb8 a6 35. Kc3 Ng6 36. Kd3 Nf8 37. Bg3 Kf5 38. Ke3 Kg4 39. Bd6 1/2-1/2

[Event "Turkey Cup 2019"]
[Site "Belek"]
[Date "2019.01.27"]
[Round "1.33"]
[White "Yavic, Adnan"]
[Black "Erdogan, Anil Berk"]
[Result "0-1"]
[WhiteElo "1653"]
[BlackElo "2090"]
[Annotator "NA"]
[PlyCount "102"]
[EventDate "2019.01.27"]
[EventType "swiss"]
[EventCountry "TUR"]
[SourceTitle "playchess.com"]
[Source "ChessBase"]
[SourceQuality "1"]

1. e4 c5 2. Nf3 g6 3. c3 d5 4. exd5 Qxd5 5. Be2 Bg7 6. O-O Nc6 7. Na3 Qd8 8. Nc2 Nf6 9. d4 cxd4 10. Ncxd4 Nxd4 11. Nxd4 O-O 12. Qb3 e5 13. Nf3 Qc7 14. Bg5 Be6 15. Qa4 h6 16. Bh4 Nh5 17. Bg3 Nxg3 18. hxg3 Qb6 19. b3 Rac8 20. Rac1 Rc7 21. Nd2 Rfc8 22. Nc4 Qc5 23. Ne3 a6 24. b4 Qa7 25. Qa3 b5 26. Rfd1 Rc6 27. Bxb5 Rb6 28. Be2 Bf8 29. Qa5 Bg7 30. c4 Qb8 31. Nd5 Bxd5 32. Rxd5 Rxb4 33. Qxa6 e4 34. Rcd1 Kh7 35. Rb5 Rxb5 36. cxb5 e3 37. fxe3 Re8 38. Rd3 Qxg3 39. Qc6 Rxe3 40. Rxe3 Qxe3+ 41. Kf1 Bd4 42. Ke1 Bc3+ 43. Kf1 Qc1+ 44. Kf2 Bd4+ 45. Kg3 Be5+ 46. Kf2 Bd4+ 47. Kg3 Qg5+ 48. Kh3 Bf2 49. g4 Qh4+ 50. Kg2 Qg3+ 51. Kf1 Qg1# 0-1

[Event "Turkey Cup 2019"]
[Site "Belek"]
[Date "2019.01.27"]
[Round "1.34"]
[White "Kizilkus, Akin"]
[Black "Akin, Bora Zubeyr"]
[Result "1-0"]
[WhiteElo "2100"]
[BlackElo "1436"]
[Annotator "TA"]
[PlyCount "55"]
[EventDate "2019.01.27"]
[EventType "swiss"]
[EventCountry "TUR"]
[SourceTitle "playchess.com"]
[Source "ChessBase"]
[SourceQuality "1"]

1. d4 d5 2. c4 e6 3. Nc3 Nf6 4. Nf3 Be7 5. Bf4 a6 6. e3 O-O 7. cxd5 exd5 8. Bd3 Re8 9. Qc2 c5 10. O-O c4 11. Be2 b5 12. a3 Nc6 13. Rad1 Qb6 14. Rfe1 a5 15. Ng5 g6 16. Be5 Bf5 17. e4 dxe4 18. Qc1 e3 19. Qxe3 Nxe5 20. Qxe5 Ng4 21. Bxg4 Bxg4 22. Nd5 Qa7 23. Ne4 Bxd1 24. Nef6+ Bxf6 25. Nxf6+ Kf8 26. Nxh7+ Kg8 27. Nf6+ Kf8 28. Nxe8 1-0

[Event "Turkey Cup 2019"]
[Site "Belek"]
[Date "2019.01.27"]
[Round "1.36"]
[White "Caglar, Ahmet Ata"]
[Black "Dorum, Doga Can"]
[Result "1-0"]
[WhiteElo "2093"]
[BlackElo "1595"]
[Annotator "NA"]
[PlyCount "83"]
[EventDate "2019.01.27"]
[EventType "swiss"]
[EventCountry "TUR"]
[SourceTitle "playchess.com"]
[Source "ChessBase"]
[SourceQuality "1"]

1. Nf3 Nf6 2. d4 d5 3. c4 e6 4. g3 Be7 5. Bg2 O-O 6. O-O b6 7. Nc3 Bb7 8. cxd5 exd5 9. Bf4 a6 10. Rc1 Bd6 11. Bxd6 Qxd6 12. Qb3 Nc6 13. e3 Rfd8 14. Rfd1 Rab8 15. Ne2 Na5 16. Qc2 c6 17. Nf4 Rbc8 18. Nd3 Ne4 19. Nd2 Nxd2 20. Qxd2 Nc4 21. Qc3 Re8 22. b3 Na5 23. Nf4 g5 24. Nd3 h5 25. Qd2 Kg7 26. Re1 f6 27. h3 Rc7 28. Qd1 Rh8 29. e4 dxe4 30. Rxe4 c5 31. dxc5 bxc5 32. Re3 Bxg2 33. Kxg2 c4 34. Qe1 cxd3 35. Rxc7+ Kg6 36. Rc3 d2 37. Qb1+ Kh6 38. Rcd3 Qb4 39. Qd1 Nc6 40. Qxd2 Qb7 41. Kh2 Ne5 42. Rxe5 1-0

[Event "Turkey Cup 2019"]
[Site "Belek"]
[Date "2019.01.27"]
[Round "1.37"]
[White "Erdal, Kerem"]
[Black "Kirilmaz, Emre"]
[Result "0-1"]
[WhiteElo "1509"]
[BlackElo "2035"]
[Annotator "NA"]
[PlyCount "66"]
[EventDate "2019.01.27"]
[EventType "swiss"]
[EventCountry "TUR"]
[SourceTitle "playchess.com"]
[Source "ChessBase"]
[SourceQuality "1"]

1. e4 Nf6 2. e5 Nd5 3. d4 d6 4. Nf3 g6 5. Bc4 Nb6 6. Bb3 Bg7 7. Ng5 e6 8. Qf3 Qe7 9. Ne4 h6 10. exd6 cxd6 11. Bf4 e5 12. dxe5 dxe5 13. Be3 f5 14. Nec3 e4 15. Qg3 g5 16. Bxb6 f4 17. Ba4+ Nc6 18. Nd5 fxg3 19. Bxc6+ bxc6 20. Nxe7 axb6 21. Nxc8 Bxb2 22. Nd6+ Ke7 23. Nf5+ Kf6 24. Nxg3 Bxa1 25. Nxe4+ Kf5 26. Ng3+ Kg6 27. O-O Rxa2 28. c4 Ra4 29. Nd2 Bc3 30. Nde4 Bd4 31. Ne2 Rxc4 32. Rd1 Be5 33. Nd2 Rd8 0-1

[Event "Turkey Cup 2019"]
[Site "Belek"]
[Date "2019.01.27"]
[Round "1.38"]
[White "Yigit, Ahmet Yasir"]
[Black "Ari, Ahmet"]
[Result "1-0"]
[WhiteElo "2032"]
[BlackElo "1611"]
[Annotator "NA RC"]
[PlyCount "73"]
[EventDate "2019.01.27"]
[EventType "swiss"]
[EventCountry "TUR"]
[SourceTitle "playchess.com"]
[Source "ChessBase"]
[SourceQuality "1"]

1. e4 e5 2. Nf3 Nc6 3. d4 exd4 4. Nxd4 g6 5. Nxc6 bxc6 6. Qd4 Qf6 7. e5 Qe6 8. Bc4 d5 9. Be2 Bg7 10. Bf4 f6 11. exf6 Bxf6 12. Qb4 Ba6 13. O-O Bxe2 14. Re1 Kd7 15. Nc3 Bxc3 16. Qxc3 Nf6 17. Bg5 Rhf8 18. Bxf6 Rxf6 19. Rxe2 Qxe2 20. Qxf6 Re8 21. Qc3 Rf8 22. Qg7+ Ke8 23. Qd4 Rf7 24. Qxa7 Qxc2 25. Re1+ Kd7 26. Qd4 Qf5 27. f3 Kd6 28. b4 Kd7 29. Qe3 Qf6 30. a4 Re7 31. Qxe7+ Qxe7 32. Rxe7+ Kxe7 33. a5 Kd8 34. Kf2 Kc8 35. Ke3 Kb7 36. Kd4 Ka6 37. Kc5 1-0

[Event "Turkey Cup 2019"]
[Site "Belek"]
[Date "2019.01.27"]
[Round "1.39"]
[White "Dinler, Oral"]
[Black "Percin, Onder"]
[Result "0-1"]
[WhiteElo "1688"]
[BlackElo "2084"]
[Annotator "NA"]
[PlyCount "58"]
[EventDate "2019.01.27"]
[EventType "swiss"]
[EventCountry "TUR"]
[SourceTitle "playchess.com"]
[Source "ChessBase"]
[SourceQuality "1"]

1. d4 Nf6 2. Bf4 e6 3. e3 b6 4. Nf3 Bb7 5. Bd3 d5 6. c3 Bd6 7. Bg3 Nbd7 8. Ne5 Qe7 9. Qe2 Bxe5 10. dxe5 Ne4 11. f4 Ndc5 12. Nd2 h5 13. Nxe4 dxe4 14. Bc2 h4 15. Bf2 h3 16. Qg4 hxg2 17. Qxg2 O-O-O 18. Rd1 Nd3+ 19. Bxd3 exd3 20. e4 Qd7 21. Be3 Qa4 22. Qd2 Qxe4 23. Rg1 Rh3 24. Rg3 Rxg3 25. hxg3 Qh1+ 26. Kf2 Qf3+ 27. Ke1 Rh8 28. Bg1 Rh1 29. Qf2 Rxg1+ 0-1

[Event "Turkey Cup 2019"]
[Site "Belek"]
[Date "2019.01.27"]
[Round "1.40"]
[White "Pektas, Yigit"]
[Black "Yusufoglu, Ferit"]
[Result "1-0"]
[WhiteElo "2019"]
[BlackElo "1615"]
[Annotator "NA RC"]
[PlyCount "83"]
[EventDate "2019.01.27"]
[EventType "swiss"]
[EventCountry "TUR"]
[SourceTitle "playchess.com"]
[Source "ChessBase"]
[SourceQuality "1"]

1. d4 Nf6 2. Bg5 d5 3. Bxf6 exf6 4. e3 Be6 5. g3 c6 6. Bg2 Bd6 7. Ne2 Bg4 8. Nd2 Nd7 9. O-O O-O 10. c4 dxc4 11. Nxc4 Nb6 12. Nxd6 Qxd6 13. h3 Bxe2 14. Qxe2 Rfe8 15. Rfd1 Rad8 16. Rac1 g6 17. Qd2 f5 18. Qa5 Ra8 19. b4 Re7 20. Rc5 Nd7 21. Rc2 Nf6 22. Rdc1 Ne4 23. b5 b6 24. Qa6 cxb5 25. Qxb5 Kg7 26. Rc6 Qd7 27. d5 Rd8 28. d6 Nxd6 29. Qb2+ Kg8 30. Rd1 Qe6 31. Bd5 Qe5 32. Qxe5 Rxe5 33. Bb3 Nb7 34. Rxd8+ Nxd8 35. Rc8 Re8 36. Ra8 Kf8 37. Ba4 Re7 38. Rxd8+ Kg7 39. Rd7 Rxd7 40. Bxd7 Kf6 41. Kf1 g5 42. f4 1-0

[Event "Turkey Cup 2019"]
[Site "Belek"]
[Date "2019.01.27"]
[Round "1.41"]
[White "Ozsayin, Elif"]
[Black "Koc, Ilkay"]
[Result "1/2-1/2"]
[WhiteElo "1613"]
[BlackElo "2000"]
[Annotator "NA"]
[PlyCount "110"]
[EventDate "2019.01.27"]
[EventType "swiss"]
[EventCountry "TUR"]
[SourceTitle "playchess.com"]
[Source "ChessBase"]
[SourceQuality "1"]

1. d4 Nf6 2. Nf3 e6 3. Bf4 d5 4. e3 Bd6 5. Bg3 O-O 6. Bd3 c5 7. c3 Nc6 8. Nbd2 b6 9. Ne5 Bb7 10. Ndf3 Ne4 11. Nxc6 Bxc6 12. Ne5 Bb7 13. Qg4 f5 14. Qh5 cxd4 15. exd4 Be7 16. f3 Nf6 17. Qh3 Nd7 18. O-O Bf6 19. Rfe1 a6 20. Re2 Re8 21. Rae1 Nf8 22. Bf4 b5 23. Bd2 Qb6 24. g4 fxg4 25. Qxg4 Bc8 26. Rg2 Ra7 27. f4 g6 28. h4 Rg7 29. Re3 Qd8 30. Rh3 Bd7 31. h5 Bxe5 32. fxe5 Ree7 33. Bg5 Be8 34. Bf6 b4 35. Qh4 Qc7 36. hxg6 Nxg6 37. Qh6 bxc3 38. bxc3 Qxc3 39. Bxg6 Qxd4+ 40. Qe3 Qa1+ 41. Kh2 Bxg6 42. Bxe7 Rxe7 43. Qg5 Rf7 44. Rb3 Qd4 45. Rb8+ Kg7 46. Re8 Qb6 47. Re7 Rxe7 48. Qxe7+ Kh6 49. Qf8+ Kh5 50. Qf6 Qe3 51. Rg3 Qe2+ 52. Rg2 Qe3 53. Qxe6 Qf4+ 54. Kg1 Qe3+ 55. Kh2 Qf4+ 1/2-1/2

[Event "Turkey Cup 2019"]
[Site "Belek"]
[Date "2019.01.27"]
[Round "1.42"]
[White "Buker, Muhittin"]
[Black "Ataer, Arda Burak"]
[Result "1-0"]
[WhiteElo "1978"]
[BlackElo "1628"]
[Annotator "NA RC"]
[PlyCount "103"]
[EventDate "2019.01.27"]
[EventType "swiss"]
[EventCountry "TUR"]
[SourceTitle "playchess.com"]
[Source "ChessBase"]
[SourceQuality "1"]

1. d4 Nf6 2. c4 e6 3. Nc3 b6 4. e4 Bb4 5. Bd3 Bb7 6. Qc2 d5 7. cxd5 exd5 8. e5 Ne4 9. Qa4+ Nc6 10. Bb5 Qd7 11. Nge2 Bxc3+ 12. bxc3 a6 13. Bd3 h6 14. O-O Nxe5 15. Qxd7+ Nxd7 16. f3 Nef6 17. Ng3 O-O 18. Bf4 c5 19. Rfe1 Rfe8 20. Nf5 Rxe1+ 21. Rxe1 Re8 22. Rb1 c4 23. Bf1 Re6 24. Kf2 Bc6 25. g4 Ne8 26. h4 Ba4 27. Rb2 h5 28. g5 b5 29. Bh3 Nb6 30. Ng3 Re7 31. Nxh5 g6 32. Nf6+ Nxf6 33. gxf6 Rb7 34. Bd6 Nd7 35. Be7 a5 36. a3 Kh7 37. h5 Kh6 38. hxg6 Kxg6 39. Ke3 b4 40. Kf4 Kh7 41. Bf5+ Kg8 42. Rg2+ Kh8 43. Rh2+ Kg8 44. Bh7+ Kh8 45. Bc2+ Kg8 46. Bxa4 b3 47. Rb2 Nb6 48. Be8 Nd7 49. Kf5 Kh8 50. Bxf7 Nf8 51. Rh2+ Nh7 52. Kg6 1-0

[Event "Turkey Cup 2019"]
[Site "Belek"]
[Date "2019.01.27"]
[Round "1.43"]
[White "Deva, Atilla"]
[Black "Sakalli, Mustafa"]
[Result "0-1"]
[WhiteElo "1621"]
[BlackElo "1955"]
[Annotator "NA RC"]
[PlyCount "60"]
[EventDate "2019.01.27"]
[EventType "swiss"]
[EventCountry "TUR"]
[SourceTitle "playchess.com"]
[Source "ChessBase"]
[SourceQuality "1"]

1. d4 c6 2. Nf3 d5 3. c3 Nf6 4. Bf4 g6 5. h3 Bg7 6. Qc1 h6 7. a4 a5 8. e3 Nbd7 9. Nbd2 O-O 10. Bd3 Re8 11. g4 h5 12. g5 Nh7 13. Qc2 Nhf8 14. h4 Qb6 15. O-O c5 16. b3 e5 17. dxe5 Qe6 18. Bg3 Bxe5 19. Nxe5 Nxe5 20. Be2 b6 21. Rfe1 Bb7 22. e4 Rad8 23. Nf3 Nfd7 24. Nh2 dxe4 25. Rad1 e3 26. Bb5 Ng4 27. Nxg4 Qxg4 28. Rd6 Ne5 29. Rf6 Rd2 30. Rxe3 Rxc2 0-1

[Event "Turkey Cup 2019"]
[Site "Belek"]
[Date "2019.01.27"]
[Round "1.44"]
[White "Daghan, Devran"]
[Black "Ersoy, Emre"]
[Result "0-1"]
[WhiteElo "2020"]
[BlackElo "1591"]
[Annotator "NA RC"]
[PlyCount "64"]
[EventDate "2019.01.27"]
[EventType "swiss"]
[EventCountry "TUR"]
[SourceTitle "playchess.com"]
[Source "ChessBase"]
[SourceQuality "1"]

1. d4 e6 2. c4 Nf6 3. g3 Bb4+ 4. Bd2 Qe7 5. Bg2 Nc6 6. a3 Bxd2+ 7. Qxd2 d6 8. Nf3 a5 9. Nc3 O-O 10. O-O Nb8 11. d5 e5 12. Nh4 Na6 13. b4 Bd7 14. Rab1 axb4 15. axb4 c5 16. dxc6 Bxc6 17. Nf5 Qe6 18. Bh3 Ne4 19. Nxe4 Bxe4 20. Nxd6 Qxh3 21. Nxe4 Rfd8 22. Qc2 f5 23. Ng5 Qg4 24. Nf3 Re8 25. c5 e4 26. Qc4+ Kh8 27. Nd4 Rad8 28. Ne6 Rd2 29. b5 Nb8 30. c6 bxc6 31. bxc6 e3 32. f3 Qxc4 0-1

[Event "Turkey Cup 2019"]
[Site "Belek"]
[Date "2019.01.27"]
[Round "1.45"]
[White "Ulusal, Mehmet Haci"]
[Black "Kocak, Can"]
[Result "0-1"]
[WhiteElo "1618"]
[BlackElo "1994"]
[Annotator "NA RC"]
[PlyCount "58"]
[EventDate "2019.01.27"]
[EventType "swiss"]
[EventCountry "TUR"]
[SourceTitle "playchess.com"]
[Source "ChessBase"]
[SourceQuality "1"]

1. d4 d6 2. c4 e5 3. dxe5 dxe5 4. Qc2 Nc6 5. Nf3 Bc5 6. Nc3 Be6 7. e3 Nf6 8. a3 a5 9. Be2 O-O 10. O-O Qc8 11. Nd5 Bf5 12. Bd3 Bxd3 13. Qxd3 Qg4 14. Qc3 Ne4 15. Qc2 Nd6 16. b3 e4 17. Nd2 Rae8 18. Nxc7 Re5 19. Qd1 Qh4 20. Qe2 Rg5 21. Kh1 Nf5 22. Nb1 Ne5 23. Nd5 Nf3 24. Nf4 Bd6 25. Nd2 Bxf4 26. Nxe4 Be5 27. Nxg5 Nxg5 28. Rb1 Nh3 29. g3 Nxf2+ 0-1

[Event "Turkey Cup 2019"]
[Site "Belek"]
[Date "2019.01.27"]
[Round "1.46"]
[White "Ozsakallioglu, Okan"]
[Black "Yildiz, Eyup Ensar"]
[Result "1-0"]
[WhiteElo "2051"]
[BlackElo "1612"]
[Annotator "NA RC"]
[PlyCount "55"]
[EventDate "2019.01.27"]
[EventType "swiss"]
[EventCountry "TUR"]
[SourceTitle "playchess.com"]
[Source "ChessBase"]
[SourceQuality "1"]

1. e4 e5 2. Nf3 Nc6 3. Nc3 Nf6 4. Bb5 d6 5. d4 exd4 6. Qxd4 Bd7 7. Bxc6 Bxc6 8. Bg5 Be7 9. O-O-O h6 10. Bf4 O-O 11. g4 Re8 12. h3 g5 13. Bg3 Bf8 14. Rhe1 Bg7 15. Qc4 a6 16. Ne5 d5 17. exd5 Bb5 18. Qb3 Nd7 19. Nxd7 Qxd7 20. a4 Rxe1 21. Rxe1 Bxc3 22. Qxc3 Bxa4 23. Qf6 Re8 24. Be5 Rxe5 25. Qxe5 Qd6 26. Qxd6 cxd6 27. b3 Bd7 28. Re7 1-0